005330000a2200193000450000500170000094200090001710000220002624500520004826000360010030000090013604000080014536500120015365000130016565000200017865000190019865000210021799900190023895200820025720120302060240.0 cBOOK a Gulabrao Maharaj a Granthsangraha:Suktiratnawali-Trayodash Yashti aNagpur:Vasudev Waman Mule,1921. a75p. aMAR b00.50/- aSankirna aGranth-Sankirna aSuktiratnawali aTrayodash Yashti c350656d350653 00104070aIOSbIOSd2009-12-02l0pIOS-726r2009-12-02 00:00:00w2009-12-02